<?xml version="1.0" encoding="UTF-8"?><?xml-stylesheet type="text/xsl" href="static/style.xsl"?><OAI-PMH xmlns="http://www.openarchives.org/OAI/2.0/" xmlns:xsi="http://www.w3.org/2001/XMLSchema-instance" xsi:schemaLocation="http://www.openarchives.org/OAI/2.0/ http://www.openarchives.org/OAI/2.0/OAI-PMH.xsd"><responseDate>2026-04-13T05:57:54Z</responseDate><request verb="GetRecord" identifier="oai:www.recercat.cat:2445/113931" metadataPrefix="marc">https://recercat.cat/oai/request</request><GetRecord><record><header><identifier>oai:recercat.cat:2445/113931</identifier><datestamp>2025-12-05T09:42:14Z</datestamp><setSpec>com_2072_1057</setSpec><setSpec>col_2072_478778</setSpec><setSpec>col_2072_478917</setSpec></header><metadata><record xmlns="http://www.loc.gov/MARC21/slim" xmlns:dcterms="http://purl.org/dc/terms/" xmlns:xsi="http://www.w3.org/2001/XMLSchema-instance" xmlns:doc="http://www.lyncode.com/xoai" xsi:schemaLocation="http://www.loc.gov/MARC21/slim http://www.loc.gov/standards/marcxml/schema/MARC21slim.xsd">
   <leader>00925njm 22002777a 4500</leader>
   <datafield ind2=" " ind1=" " tag="042">
      <subfield code="a">dc</subfield>
   </datafield>
   <datafield ind2=" " ind1=" " tag="720">
      <subfield code="a">Bech i Borràs, Jaume</subfield>
      <subfield code="e">author</subfield>
   </datafield>
   <datafield ind2=" " ind1=" " tag="260">
      <subfield code="c">2017-07-18T07:57:02Z</subfield>
   </datafield>
   <datafield ind2=" " ind1=" " tag="260">
      <subfield code="c">2017-07-18T07:57:02Z</subfield>
   </datafield>
   <datafield ind2=" " ind1=" " tag="260">
      <subfield code="c">1990</subfield>
   </datafield>
   <datafield ind2=" " ind1=" " tag="260">
      <subfield code="c">2017-07-18T07:57:02Z</subfield>
   </datafield>
   <datafield ind2=" " ind1=" " tag="520">
      <subfield code="a">A fi d'aportar un modest però sentit recolzament als Actes Commemoratius del 400 aniversari de l'Hospital de Santa Tecla m'ha semblat adient aprofundir en alguns aspectes de la ja coneguda biografia de Virgili, fundador dels Reials Col·legis de Cirurgia de Cadis i Barcelona, que va iniciar-se professionalment en aquest il·lustre nosocomi i més tard va exercir-hi breument però amb excepcional encert.</subfield>
   </datafield>
   <datafield tag="653" ind2=" " ind1=" ">
      <subfield code="a">Història de la medicina</subfield>
   </datafield>
   <datafield tag="653" ind2=" " ind1=" ">
      <subfield code="a">History of medicine</subfield>
   </datafield>
   <datafield ind2="0" ind1="0" tag="245">
      <subfield code="a">Precisió sobre la ubicació de Pere Virgili en els anys 1732 a 1735 i hipòtesi sobre els motius del lloc d'enterrament de Virgili a Barcelona</subfield>
   </datafield>
</record></metadata></record></GetRecord></OAI-PMH>